A Quick Guide to Gender Mainstreaming in Development Planning (Record no. 261)

MARC details
000 -LEADER
fixed length control field 009670000a22002290004500
003 - CONTROL NUMBER IDENTIFIER
control field LK-CoMWRAF
005 - DATE AND TIME OF LATEST TRANSACTION
control field 20240203103716.0
008 - FIXED-LENGTH DATA ELEMENTS--GENERAL INFORMATION
fixed length control field 230817t1999 ||||| |||| 00| 0 eng d
020 ## - INTERNATIONAL STANDARD BOOK NUMBER
International Standard Book Number 0850925932
040 ## - CATALOGING SOURCE
Original cataloging agency LK-CoMWRAF
Modifying agency LK-CoMWRAF
Description conventions LK-CoMWRAF
041 ## - LANGUAGE CODE
Language code of text/sound track or separate title English
082 ## - DEWEY DECIMAL CLASSIFICATION NUMBER
Classification number 305.3
Item number TAY
942 ## - ADDED ENTRY ELEMENTS (KOHA)
Koha item type Books
100 ## - MAIN ENTRY--PERSONAL NAME
Personal name Taylor, Viviene
245 ## - TITLE STATEMENT
Title A Quick Guide to Gender Mainstreaming in Development Planning
260 ## - PUBLICATION, DISTRIBUTION, ETC. (IMPRINT)
Place of publication, distribution, etc. London:
Name of publisher, distributor, etc. Commonwealth Secretariat,
Date of publication, distribution, etc. 1999
300 ## - PHYSICAL DESCRIPTION
Extent 40 p.
Other physical details Bibliography and glossary included
490 ## - SERIES STATEMENT
Series statement Gender Management System Series
520 ## - SUMMARY, ETC.
Summary, etc. This Quick Guide offers short, user-friendly coverage of 'Gender Mainstreaming in Development Planning', a larger, sectoral guide within the Management System (GMS) resource kit. GMS is an innovative system developed by the Commonwealth Secretariat for gender mainstreaming
650 ## - SUBJECT ADDED ENTRY--TOPICAL TERM
Topical term or geographic name as entry element Sex discrimination- Developing countries
650 ## - SUBJECT ADDED ENTRY--TOPICAL TERM
Topical term or geographic name as entry element Sex discrimination- Prevention
Holdings
Withdrawn status Lost status Damaged status Not for loan Permanent Location Current Location Date acquired Full call number Barcode Koha item type
        Resource center, Muslim Women's Research And Action Forum Resource center, Muslim Women's Research And Action Forum 2023-08-17 305.3 TAY RAF4024 Books

Copyright © 2023 Muslim Women's Research and Action Forum (MWRAF), No 27/3, Anderson Road, Kalubowila, Dehiwela. Funded by The Asia Fundation